| 000 | 00547nam a2200205Ia 4500 | ||
|---|---|---|---|
| 003 | OSt | ||
| 005 | 20250303143045.0 | ||
| 008 | 210210b1971 xxu||||| |||| 00| 0 eng d | ||
| 040 | _cAL | ||
| 041 | _ahin | ||
| 082 | _aH891.4 BAKM | ||
| 100 |
_aBAKSHI (Padumlal Pushpalal). _9203477 |
||
| 245 |
_aMera desh: _bमेरा देश |
||
| 260 |
_aIlahabad _bRachna Prakashan _c1971 |
||
| 300 | _a144 | ||
| 650 |
_aBharat Desh Samskrati Sahity Dharm Vijnan Kala _9203478 |
||
| 690 |
_aHindi Prose _9203479 |
||
| 906 | _a029901 | ||
| 942 |
_2ddc _cBK |
||
| 999 |
_c81099 _d81099 |
||